Best dad in the sea (Record no. 384487)

MARC details
000 -LEADER
fixed length control field 00260nam a2200097Ia 4500
082 ## - DEWEY DECIMAL CLASSIFICATION NUMBER
Classification number EKF TYLE
008 - FIXED-LENGTH DATA ELEMENTS--GENERAL INFORMATION
fixed length control field 210817s9999 xx 000 0 und d
100 ## - MAIN ENTRY--PERSONAL NAME
Personal name TYLER, Amy J. Camberwell, Victoria, 2003
9 (RLIN) 94004
245 #0 - TITLE STATEMENT
Title Best dad in the sea
942 ## - ADDED ENTRY ELEMENTS
item type Books
Holdings
Withdrawn status Lost status Damaged status Not for loan Home library Current library Date acquired Cost, normal purchase price Total Checkouts Barcode Date last seen Price effective from item type
        DAGGAKRAAL PUBLIC LIBRARY DAGGAKRAAL PUBLIC LIBRARY 20.08.2021 199.00   33228016330530 20.08.2021 20.08.2021 Books